Statistics for Countries in FIBA World Cup 1990

Click here to take the quiz!

General Stats

  • This quiz has been taken 5 times
  • The average score is 14 of 16

Answer Stats

RankCountry% Correct
Host (8th Place)Argentina
100%
7th PlaceAustralia
100%
5th PlaceBrazil
100%
12th PlaceCanada
100%
9th PlaceItaly
100%
4th PlacePuerto Rico
100%
Runners-Up (2nd Place)Soviet Union
100%
10th PlaceSpain
100%
3rd PlaceUnited States
100%
Champions (1st Place)Yugoslavia
100%
14th PlaceChina
80%
13th PlaceAngola
60%
16th PlaceEgypt
60%
6th PlaceGreece
60%
15th PlaceSouth Korea
60%
11th PlaceVenezuela
40%

Score Distribution

Percentile by Number Answered

Percent of People with Each Score

Your Score History

You have not taken this quiz